Municipis i comarques : revista de l'Associació Catalana de Municipis revista de l'Associació Catalana de Municipis
Descripción Física:
114 vols. ; il·lustracions b/n i color (a partir del núm. 181) ; periodicitat: mensual ; 30 cm
MARC
| LEADER | 00000nas a2200000 a 4500 | ||
|---|---|---|---|
| 001 | 28123, 28124, 28125, 28126, 28127, 28128, 28129, 28130, 28131, 28132, 28133, 28134, 28135 | ||
| 003 | AGDB | ||
| 005 | 20260324181510.0 | ||
| 008 | 160829s1991 - xx 000 0 cat d | ||
| 017 | |a B 43434-1983 | ||
| 040 | |a agdb |b cat | ||
| 245 | |a Municipis i comarques : |b revista de l'Associació Catalana de Municipis | ||
| 260 | |a Barcelona : |b l'Associació ; |c 1991- | ||
| 300 | |a 114 vols. ; |b il·lustracions b/n i color (a partir del núm. 181) ; periodicitat: mensual ; |c 30 cm | ||
| 362 | |a 100 (març 1991)- | ||
| 500 | |a Continuació de: 'ACM'. Es manté la numeració. | ||
| 650 | |a Municipis |x Govern i administració |x Catalunya |x Revistes |9 43905 | ||
| 650 | |a Comarques |x Govern i administració |x Catalunya |x Revistes |9 47907 | ||
| 655 | 0 | |9 55823 |a Revistes | |
| 710 | 2 | |a Associació Catalana de Municipis |9 52965 | |
| 780 | 0 | 0 | |t ACM : dossier |
| 866 | |a 1991 (100-108) | ||
| 866 | |a 1992 (109-116, 118-119) | ||
| 866 | |a 1993 (120-130) | ||
| 866 | |a 1994 (132-140/141) | ||
| 866 | |a 1995 (142-151) | ||
| 866 | |a 1996 (152-162) | ||
| 866 | |a 1997 (163-173) | ||
| 866 | |a 1998 (174-179, 181-184) | ||
| 866 | |a 1999 (185-195) | ||
| 866 | |a 2001 (217) | ||
| 866 | |a 2002 (218-219) | ||
| 866 | |a 2003 (231, 233, 235-239) | ||
| 866 | |a 2004 (240-241, 243, 245, 247, 249-250) | ||
| 866 | |a 2005 (252-254, 256, 258) | ||
| 901 | |a Arxiu | ||
| 942 | |n 1 |2 udc |c REV | ||
| 952 | |0 0 |1 0 |4 0 |6 REV2246 |7 1 |9 54194 |a Arxiu |b Arxiu |d 2016-12-01 |h Núm. 100 (març 1991) - Núm. 108 (març 1991) |o Rev-2246 |p 28123 |r 2016-12-01 00:00:00 |w 2016-12-01 |y ARXIU | ||
| 952 | |0 0 |1 0 |4 0 |6 REV2246 |7 1 |9 96054 |a Arxiu |b Arxiu |d 2023-08-02 |h Núm. 109 (gener 1992) - Núm. 116 (setembre 1992) ; Núm. 118 (novembre 1992) - Núm. 119 (desembre 1992) |l 0 |o Rev-2246 |p 28124 |r 2023-08-02 00:00:00 |w 2023-08-02 |y ARXIU | ||
| 952 | |0 0 |1 0 |4 0 |6 REV2246 |7 1 |9 96055 |a Arxiu |b Arxiu |d 2023-08-02 |h Núm. 120 (gener 1993) - Núm. 130 (desembre 1993) |l 0 |o Rev-2246 |p 28125 |r 2023-08-02 00:00:00 |w 2023-08-02 |y ARXIU | ||
| 952 | |0 0 |1 0 |4 0 |6 REV2246 |7 1 |9 96056 |a Arxiu |b Arxiu |d 2023-08-02 |h Núm. 132 (febrer 1994) - Núm.140/141 (novembre/desembre 1994) |l 0 |o Rev-2246 |p 28126 |r 2023-08-02 00:00:00 |w 2023-08-02 |y ARXIU | ||
| 952 | |0 0 |1 0 |4 0 |6 REV2246 |7 1 |9 96057 |a Arxiu |b Arxiu |d 2023-08-02 |h Núm. 142 (gener 1995) - Núm. 151 (desembre 1995) |l 0 |o Rev-2246 |p 28127 |r 2023-08-02 00:00:00 |w 2023-08-02 |y ARXIU | ||
| 952 | |0 0 |1 0 |4 0 |6 REV2246 |7 1 |9 96058 |a Arxiu |b Arxiu |d 2023-08-02 |h Núm. 152 (gener 1996) - Núm. 162 (desembre 1996) |l 0 |o Rev-2246 |p 28128 |r 2023-08-02 00:00:00 |w 2023-08-02 |y ARXIU | ||
| 952 | |0 0 |1 0 |4 0 |6 REV2247 |7 1 |9 96059 |a Arxiu |b Arxiu |d 2023-08-02 |h Núm. 163 (gener 1997) - Núm. 173 (desembre 1997) |l 0 |o Rev-2247 |p 28129 |r 2023-08-02 00:00:00 |w 2023-08-02 |y ARXIU | ||
| 952 | |0 0 |1 0 |4 0 |6 REV2247 |7 1 |9 96060 |a Arxiu |b Arxiu |d 2023-08-02 |h Núm. 174 (gener 1998) - Núm. 179 (juny 1998) ; Núm. 181 (setembre 1998) - Núm. 184 (desembre 1998) |l 0 |o Rev-2247 |p 28130 |r 2023-08-02 00:00:00 |w 2023-08-02 |y ARXIU | ||
| 952 | |0 0 |1 0 |4 0 |6 REV2247 |7 1 |9 96062 |a Arxiu |b Arxiu |d 2023-08-02 |h Núm. 185 (gener 1999) - Núm. 195 (desembre 1999) |l 0 |o Rev-2247 |p 28131 |r 2023-08-02 00:00:00 |w 2023-08-02 |y ARXIU | ||
| 952 | |0 0 |1 0 |4 0 |6 REV2247 |7 1 |9 96063 |a Arxiu |b Arxiu |d 2023-08-02 |h Núm. 217 (desembre 2001) - Núm. 219 (febrer 2002) |l 0 |o Rev-2247 |p 28132 |r 2023-08-02 00:00:00 |w 2023-08-02 |y ARXIU | ||
| 952 | |0 0 |1 0 |4 0 |6 REV2247 |7 1 |9 96065 |a Arxiu |b Arxiu |d 2023-08-02 |h Núm. 231 (març 2003) ; Núm. 233 (maig 2003) ; Núm. 235 (juliol/agost 2003) - Núm. 239 (desembre 2003) |l 0 |o Rev-2247 |p 28133 |r 2023-08-02 00:00:00 |w 2023-08-02 |y ARXIU | ||
| 952 | |0 0 |1 0 |4 0 |6 REV2248 |7 1 |9 96067 |a Arxiu |b Arxiu |d 2023-08-02 |h Núm. 240 (gener 2004) - Núm. 241 (febrer 2004) ; Núm. 243 (abril 2004) ; Núm. 245 (juny 2004) ; Núm. 247 (setembre 2004) ; Núm. 249 (novembre 2004) - Núm. 250 (desembre 2004) |l 0 |o Rev-2248 |p 28134 |r 2023-08-02 00:00:00 |w 2023-08-02 |y ARXIU | ||
| 952 | |0 0 |1 0 |4 0 |6 REV2248 |7 1 |9 96068 |a Arxiu |b Arxiu |d 2023-08-02 |h Núm. 252 (febrer 2005) - Núm. 254 (abril 2005) ; Núm. 256 (juny 2005) ; Núm. 258 (setembre 2005) |l 0 |o Rev-2248 |p 28135 |r 2023-08-02 00:00:00 |w 2023-08-02 |y ARXIU | ||
| 999 | |c 58063 |d 58063 | ||